000
00218nam a22000857a 4500
008
161108b xxu||||| |||| 00| 0 eng d
100
_9
1099
_a
Das C
245
_a
Letters from a forest School
260
_a
New Delhi
_b
N B T
_c
2007
999
_c
3760
_d
3760